| 000 | 00662nam a2200217 i 4500 | ||
|---|---|---|---|
| 001 | 18774 | ||
| 003 | ES-MaACL | ||
| 005 | 20250815115224.0 | ||
| 007 | t| | ||
| 008 | 020313s1999 sp ||||1| spa d | ||
| 020 | _a84-7719-763-6 | ||
| 080 | _a619:616-071 | ||
| 245 | 0 | 0 |
_aExploración clínica veterinaria / _cPaulino García Partida ... [et al.]. |
| 260 |
_aLeón : _bUniversidad de León, _c[1999] |
||
| 300 |
_a578 p. : _bil. ; _c29 cm. |
||
| 650 | 7 |
_aVeterinaria _2embne _9138773 |
|
| 700 | 1 |
_aGarcía Partida, Paulino, _d1939-2012 _955081 |
|
| 710 | 2 |
_aUniversidad de León. _97200 |
|
| 852 |
_aES-MaACL _jL-25265 |
||
| 999 |
_c18774 _d18774 |
||